Detalles MARC
| 000 -LEADER |
| fixed length control field |
01617nam a2200421 i 4500 |
| 001 - CONTROL NUMBER |
| control field |
DIGFSGAE0012 |
| 003 - CONTROL NUMBER IDENTIFIER |
| control field |
NyNyDIG |
| 007 - PHYSICAL DESCRIPTION FIXED FIELD--GENERAL INFORMATION |
| fixed length control field |
cr ||||||||||| |
| 008 - FIXED-LENGTH DATA ELEMENTS--GENERAL INFORMATION |
| fixed length control field |
230712s2017 sp ac o 100 d spa d |
| 006 - FIXED-LENGTH DATA ELEMENTS--ADDITIONAL MATERIAL CHARACTERISTICS |
| fixed length control field |
m o d |
| 035 ## - SYSTEM CONTROL NUMBER |
| System control number |
(OCoLC)1390760603 |
| 040 ## - CATALOGING SOURCE |
| Original cataloging agency |
DGITA |
| Language of cataloging |
eng |
| Description conventions |
rda |
| -- |
pn |
| Transcribing agency |
DGITA |
| 020 ## - INTERNATIONAL STANDARD BOOK NUMBER |
| International Standard Book Number |
9788480489065 |
| Qualifying information |
eBook |
| 020 ## - INTERNATIONAL STANDARD BOOK NUMBER |
| Canceled/invalid ISBN |
9788480489058 |
| 050 14 - LIBRARY OF CONGRESS CALL NUMBER |
| Classification number |
PQ6228 ebook |
| 111 2# - MAIN ENTRY--MEETING NAME |
| Meeting name or jurisdiction name as entry element |
Laboratorio de Escritura Teatral |
| Number of part/section/meeting |
(6th : |
| Date of meeting or treaty signing |
2018 : |
| Location of meeting |
Madrid, Spain), |
| Relator term |
author. |
| 245 10 - TITLE STATEMENT |
| Title |
VI Laboratorio de Escritura Teatral. |
| 246 3# - VARYING FORM OF TITLE |
| Title proper/short title |
Sexto Laboratorio de Escritura Teatral |
| 250 ## - EDITION STATEMENT |
| Edition statement |
Primera edición. |
| 264 #1 - PRODUCTION, PUBLICATION, DISTRIBUTION, MANUFACTURE, AND COPYRIGHT NOTICE |
| Place of production, publication, distribution, manufacture |
Madrid : |
| Name of producer, publisher, distributor, manufacturer |
Fundación SGAE, |
| Date of production, publication, distribution, manufacture, or copyright notice |
2018. |
| 300 ## - PHYSICAL DESCRIPTION |
| Extent |
1 online resource : |
| Other physical details |
illustrations, portraits. |
| 336 ## - CONTENT TYPE |
| Content type term |
text |
| Content type code |
txt |
| Source |
rdacontent |
| 337 ## - MEDIA TYPE |
| Media type term |
computer |
| Media type code |
c |
| Source |
rdamedia |
| 338 ## - CARRIER TYPE |
| Carrier type term |
online resource |
| Carrier type code |
cr |
| Source |
rdacarrier |
| 347 ## - DIGITAL FILE CHARACTERISTICS |
| File type |
text file |
| Source |
rdaft |
| 347 ## - DIGITAL FILE CHARACTERISTICS |
| Encoding format |
EPUB |
| 490 1# - SERIES STATEMENT |
| Series statement |
Teatroautor ; |
| Volume/sequential designation |
200 |
| 588 0# - SOURCE OF DESCRIPTION NOTE |
| Source of description note |
Online resource; title from ePub title page (Digitalia, viewed July 12, 2023) |
| 650 #0 - SUBJECT ADDED ENTRY--TOPICAL TERM |
| Topical term or geographic name entry element |
Spanish drama |
| Chronological subdivision |
21st century |
| Form subdivision |
Congresses. |
| 655 #7 - INDEX TERM--GENRE/FORM |
| Genre/form data or focus term |
Drama. |
| Source of term |
lcgft |
| 791 2# - |
| -- |
Digitalia (Firm), |
| -- |
distributor. |
| 793 0# - |
| -- |
Digitalia eBook Collection: |
| -- |
Fundación SGAE |
| 776 08 - ADDITIONAL PHYSICAL FORM ENTRY |
| Relationship information |
Print version: |
| Main entry heading |
Laboratorio de Escritura Teatral (6th : 2018 : Madrid, Spain). |
| Title |
VI Laboratorio de Escritura Teatral. |
| Edition |
Primera edición. |
| Place, publisher, and date of publication |
Madrid : Fundación SGAE, [2018] |
| International Standard Book Number |
9788480489058 |
| 830 #0 - SERIES ADDED ENTRY--UNIFORM TITLE |
| Uniform title |
Teatroautor ; |
| Volume/sequential designation |
200. |
| 856 40 - ELECTRONIC LOCATION AND ACCESS |
| Materials specified |
Digitalia Hispánica |
| Uniform Resource Identifier |
<a href="https://www.digitaliapublishing.com/a/98212/">https://www.digitaliapublishing.com/a/98212/</a> |
| 910 ## - USER-OPTION DATA (OCLC) |
| User-option data |
Premium collection: 2023 |
| 942 ## - ADDED ENTRY ELEMENTS (KOHA) |
| Koha item type |
Recurso Electrónico |